|
|
|
|
| LEADER |
00000nam2a2200000 4500 |
| 001 |
309757 |
| 005 |
20231102002224.0 |
| 020 |
|
|
|a RU
|b 83-44384ж
|
| 035 |
|
|
|a (RuTPU)RU\TPU\book\335096
|
| 035 |
|
|
|a RU\TPU\book\315034
|
| 090 |
|
|
|a 309757
|
| 100 |
|
|
|a 20150406d1981 k y0rusy5003 ca
|
| 101 |
0 |
|
|a rus
|
| 102 |
|
|
|a RU
|
| 105 |
|
|
|a a z 001zd
|
| 200 |
0 |
|
|a Вып. 26 : Физика
|f гл. ред. Д. И. Гордеев
|
| 210 |
|
|
|d 1981
|
| 215 |
|
|
|d 27 см
|a 200 с.
|c ил.
|
| 320 |
|
|
|a Библиография в конце статей
|
| 461 |
|
1 |
|0 (RuTPU)RU\TPU\book\174595
|t История и методология естественных наук
|o сборник статей
|f Московский государственный университет им. М. В. Ломоносова (МГУ)
|v Вып. 26 : Физика
|d 1960-1992
|
| 600 |
|
1 |
|a Витт
|b А. А.
|c физик
|f 1902-1938
|g Александр Адольфович
|c доктор физико-математических наук, профессор Московского университета
|2 stltpush
|3 (RuTPU)RU\TPU\pers\9667
|
| 600 |
|
1 |
|a Теренин
|b А. Н.
|c российский физик
|c физикохимик
|f 1896-1967
|g Александр Николаевич
|2 stltpush
|3 (RuTPU)RU\TPU\pers\15606
|9 5417
|
| 606 |
1 |
|
|a Естествознание
|x История
|2 stltpush
|3 (RuTPU)RU\TPU\subj\38880
|9 59129
|
| 606 |
1 |
|
|a Физическая наука
|x История
|2 stltpush
|3 (RuTPU)RU\TPU\subj\63824
|9 80761
|
| 610 |
1 |
|
|a физика
|
| 610 |
1 |
|
|a механика
|
| 610 |
1 |
|
|a квантовая физика
|
| 610 |
1 |
|
|a методология
|
| 610 |
1 |
|
|a статистическая физика
|
| 610 |
1 |
|
|a аэродинамические исследования
|
| 675 |
|
|
|a 50
|z rus
|v 4
|
| 675 |
|
|
|a 53(09)
|z rus
|v 4
|
| 702 |
|
1 |
|a Гордеев
|b Д. И.
|g Демьян Игнатьевич
|4 651
|
| 801 |
|
1 |
|a RU
|b 63413507
|c 20151117
|
| 801 |
|
2 |
|a RU
|b 63413507
|c 20190731
|g RCR
|
| 942 |
|
|
|c BK
|